000
00312 a2200145 4500
001
48391
020
_a
9788526014664
040
_c
Anchieta - Bela Vista
100
_a
Lang, Andrew
240
1
0
_a
A irmã do sol
_l
por
245
1
0
_a
A irmã do sol
362
0
_a
2010
650
4
_a
Literatura juvenil
942
_c
BK
999
_c
48391
_d
48391